[Event "SapporoAutumn2018"]
[Site "?"]
[Date "2018.10.08"]
[Round "4.1"]
[White "DRAKAKIS, Athanasios"]
[Black "BRINKMANN, Leonard"]
[Result "1/2-1/2"]
[WhiteElo "1816"]
[BlackElo "1762"]
[Annotator "Fritz 15 (30s)"]
[PlyCount "70"]
[SourceVersionDate "2018.10.07"]

{[%mdl 8256] A43: Schmid Benoni} 1. d4 c5 2. e3 e6 (2... d6 3. Nf3 Nd7 4. c4 g6
5. Nc3 Bg7 6. Be2 a6 7. O-O b6 8. d5 h6 9. e4 Nf8 10. Re1 e5 11. dxe6 Nxe6 12.
Be3 g5 13. Nd5 Ne7 14. Rb1 O-O 15. Nd2 Nxd5 16. exd5 Nd4 17. Bd3 {Tibensky,R 
(2440)-Mrva,M (2410) Slovakia 1997 0-1 (46)}) 3. Bd3 (3. c3 b6 4. Nf3 Bb7 5.
Bd3 f5 6. Ne5 Nf6 7. O-O Be7 8. f4 O-O 9. Nd2 d6 10. Nef3 Ne4 11. Qe2 Nd7 12.
Bc4 Rf6 13. Nxe4 fxe4 14. Ng5 d5 15. Bb5 a6 16. Ba4 Rg6 17. Nh3 b5 {Mugosa,S 
(2159)-Milovic,J (2377) Tivat 2011 0-1 (39)}) 3... cxd4 $146 (3... d5 4. c3 Nc6
5. f4 g5 6. Nh3 h6 7. fxg5 hxg5 8. e4 cxd4 9. O-O Be7 10. cxd4 dxe4 11. Bb5 f5
12. Nc3 Qd6 13. Be3 Bd7 14. Be2 O-O-O 15. Nb5 Qb8 16. Rc1 a6 17. a4 axb5 18.
axb5 {Cirabisi,F (2240)-Zelcic,R (2485) Montecatini Terme 1994 1/2-1/2 (39)}) (
3... a6 4. Nf3 Nf6 5. O-O d5 6. c3 Nbd7 7. Nbd2 b5 8. Qe2 Bb7 9. e4 dxe4 10.
Nxe4 Nxe4 11. Bxe4 Bxe4 12. Qxe4 Be7 13. dxc5 Bxc5 14. Rd1 Qc8 15. Qg4 Qc6 16.
Bg5 f6 17. Re1 Kf7 18. Be3 {Dostan,J (2307)-Kadas,G (2226) Hungary 2003 1-0 
(32)}) 4. exd4 Nc6 5. c3 {Covers b4} Nf6 6. Nf3 d6 {Controls e5} 7. O-O Be7 8.
Re1 O-O 9. Bc2 b6 10. Nbd2 Bb7 11. Ne4 Rc8 12. Nxf6+ Bxf6 13. Qd3 g6 14. Bh6 {
White threatens to win material: Bh6xf8} Re8 15. Ba4 a6 {Consolidates b5} 16.
Re3 (16. d5 exd5 17. Rxe8+ Qxe8 18. Qxd5 Qe7 19. Bxc6 Bxc6 $11) 16... b5 17.
Bb3 Na5 18. Rae1 Nxb3 19. axb3 {Black has the pair of bishops} Qd7 20. Ng5 Qc6
{Black has a mate threat} 21. Ne4 {White threatens to win material: Ne4xf6} Bh8
22. Rg3 (22. d5 $142 Qd7 23. dxe6 Rxe6 24. f3 Bxe4 25. Rxe4 $11) 22... Rcd8 $4
{hands over the advantage to the opponent} (22... f5 23. Nd2 $11) 23. h4 $4 {
an unfortunate move that relinquishes the win} (23. Qf3 $142 {and White could
have gained the advantage} f5 24. Qh5 $18) 23... Qd5 {Black threatens to win
material: Qd5xb3} (23... e5 24. Bg5 d5 25. Nc5 exd4 26. Rxe8+ Rxe8 27. cxd4
Re1+ 28. Kh2 $11) 24. Rg5 (24. Bg5 Rc8 $14) 24... Qxb3 25. h5 Bxe4 26. Qxe4 f6
$4 {throws away the game} (26... Bg7 $142 {would save the game} 27. Bxg7 Kxg7
$11) 27. Rxg6+ $1 {Mate attack} Kf7 (27... hxg6 28. Qxg6+ {Mate attack}) 28.
Rg3 (28. Rxf6+ $1 Kxf6 29. Qf3+ Ke7 30. Bg5+ Bf6 31. Bxf6+ Kf7 32. Bxd8+ Kg8
33. Qg3+ Kf7 34. Qf4+ Kg8 35. Qg5+ Kf7 36. Qf6+ Kg8 37. h6 Re7 38. Bxe7 Qxc3
39. Qg7#) 28... f5 $18 29. Qb7+ Re7 30. Qxa6 (30. Qb6 Red7 $18) 30... Bf6 31.
Qa3 {White threatens to win material: Qa3xb3} (31. Qc6 Qxb2 32. Bf4 Qa3 $18)
31... Qc4 (31... Qxa3 $5 {should be examined more closely} 32. bxa3 Rc8 $14)
32. b3 Qc6 33. Qb2 Rb8 (33... Rg8 34. Rxg8 Kxg8 35. b4 $16) 34. Qd2 (34. Bg5
$142 Bxg5 35. Rxg5 $18) 34... Ree8 $4 {Black falls apart} (34... Rg8 $142 35.
Rxe6 $1 {Decoy: e6} Rxe6 36. Rxg8 Kxg8 $16) 35. Qe3 (35. Bg5 $142 {and White
takes home the point} Bg7 36. Bh4 $18) 35... Qd5 1/2-1/2

[Event "SapporoAutumn2018"]
[Site "?"]
[Date "2018.10.08"]
[Round "4.3"]
[White "NISHIMORI, Toshiyuki"]
[Black "YOSHII, Yukihiko"]
[Result "0-1"]
[WhiteElo "1797"]
[BlackElo "1820"]
[Annotator "Fritz 15 (30s)"]
[PlyCount "66"]
[SourceVersionDate "2018.10.07"]

{[%mdl 8192] C58: Two Knights: 4 Ng5 d5 5 exd5 Na5 sidelines} 1. e4 e5 2. Nf3
Nc6 3. Bc4 Nf6 4. Ng5 d5 5. exd5 Na5 6. Bb5+ c6 7. dxc6 bxc6 8. Ba4 h6 9. Nf3 {
White threatens to win material: Nf3xe5} Bd6 $146 (9... e4 10. Qe2 (10. Ne5 Qd4
11. Bxc6+ Nxc6 12. Nxc6 Qc5 13. Nxa7 Bg4 14. f3 exf3 15. gxf3 Be6 16. Nc3 Qxa7
17. Qe2 Be7 18. Qb5+ Nd7 19. Qc6 O-O 20. Nd5 Bh4+ 21. Kd1 Ne5 22. Qb5 Nxf3 23.
Ne3 Rad8 24. d3 Bg5 {Phanikanth,J (2161)-Trenner,R (2261) Olomouc 2002 0-1})
10... Be7 (10... Be6 11. Ne5 Qd4 12. Bxc6+ Nxc6 13. Qb5 Bc5 14. Qxc6+ Ke7 15.
Qb7+ Kd6 16. O-O Kxe5 17. d3 Ng4 18. Nc3 Qb4 19. d4+ Qxd4 20. Bf4+ Kf5 21. Be3
Qb4 22. Qc6 Nxe3 23. fxe3+ Kg6 24. Rxf7 Qc4 25. Rc7 {Orujov,E (2185)-Davidov,S
(2326) Baku 2007 0-1 (39)}) 11. Ne5 Qc7 12. d4 exd3 13. Nxd3 O-O 14. Bf4 Bd6
15. Bxd6 Qxd6 16. O-O Re8 17. Qf3 Bg4 18. Qg3 Qd4 19. Bb3 Be2 20. Rc1 Nxb3 21.
axb3 Nh5 22. Qc7 Bxd3 23. cxd3 Nf4 24. Nc3 {Marie,M (2168)-Lalic,B (2492)
Nantes 2013 0-1}) (9... e4 $5 {is worth looking at} 10. Qe2 Be6 $15) 10. d3 $14
{White has a cramped position} Qc7 11. h3 {Secures g4} (11. Nc3 O-O $14) 11...
O-O (11... e4 12. Nfd2 $11) 12. O-O $14 Bb7 (12... e4 13. dxe4 Nxe4 14. Nbd2
$14) 13. Bd2 (13. Nc3 Rfe8 $16) 13... c5 (13... e4 14. Nh4 Ba6 15. Nf5 $11) 14.
Nc3 $14 a6 {Black has a very active position} 15. Re1 Nc6 16. Ne4 Nxe4 17. dxe4
Rad8 18. c3 {Prevents intrusion on b4+d4} c4 19. Qe2 {White threatens to win
material: Qe2xc4} Nb8 (19... Ne7 20. Bc2 $16) 20. Rad1 Nd7 21. Bxd7 (21. Nh4 $5
Nf6 22. Bc2 $16) 21... Rxd7 $14 {Black has the pair of bishops} 22. Nh4 Rfd8
23. Nf5 Bf8 24. Bc1 Rxd1 25. Rxd1 Rxd1+ 26. Qxd1 Bxe4 27. Ng3 (27. Qg4 $5 Bxf5
28. Qxf5 $11) 27... Bd3 {Menacing} 28. Qg4 Qc6 29. Nf5 {White threatens to win
material: Nf5xh6} Kh7 30. Qg3 $4 (30. Ne3 $142 $15 {would bring relief}) 30...
Bxf5 $19 31. Qxe5 Qg6 32. g4 (32. Qe3 {hardly improves anything} Bd6 $19) 32...
Bd3 (32... Be4 {seems even better} 33. Bf4 $19) 33. f4 (33. Qe3 $19 {the last
chance for counterplay}) 33... Qe4 (33... Qe4 34. Qxe4+ Bxe4 $19) 0-1

[Event "SapporoAutumn2018"]
[Site "?"]
[Date "2018.10.08"]
[Round "4.4"]
[White "KOBAYASHI, Katsuhiko"]
[Black "WATANABE, Katsumi"]
[Result "0-1"]
[WhiteElo "1488"]
[BlackElo "1705"]
[Annotator "Fritz 15 (30s)"]
[PlyCount "74"]
[SourceVersionDate "2018.10.07"]

{[%mdl 8192] C45: Scotch Game} 1. e4 e5 2. Nf3 d6 3. Be2 (3. Bb5+ Nd7 4. O-O a6
5. Bxd7+ Bxd7 6. Re1 c5 7. c3 c4 8. b3 b5 9. d3 cxd3 10. Qxd3 h6 11. Ba3 Be6
12. Nbd2 Nf6 13. c4 Be7 14. cxb5 Qa5 15. Nc4 Bxc4 16. Qxc4 O-O 17. Bb4 axb5 {
Ma,Q (2475)-Zeng,C (2400) Chennai 2012 0-1 (41)}) 3... Nf6 4. Nc3 $146 (4. d3
g6 (4... Nc6 5. c3 g6 6. O-O Bg7 7. Re1 O-O 8. a4 d5 9. Nbd2 h6 10. a5 a6 11.
Bf1 Re8 12. Qb3 Be6 13. Qa4 Qd7 14. exd5 Nxd5 15. Ne4 Qe7 16. b3 f5 17. Ba3 Qf7
18. c4 fxe4 19. cxd5 {Plane,B (2160)-Le Roux,J (2285) Plancoet 2001 0-1 (33)})
5. O-O Bg7 6. Nbd2 O-O 7. Re1 c5 8. Nc4 b5 9. Ne3 Bb7 10. Bf1 Nbd7 11. Bd2 h6
12. h3 Re8 13. c4 b4 14. a4 a5 15. b3 Nf8 16. Ra2 Bc8 17. Nh2 h5 18. Nf3 Ne6 {
Hussein,H (2366)-Hakki,I (2429) Amman 2008 1/2-1/2}) 4... Be7 5. O-O O-O 6. d3
Nc6 7. Bg5 h6 8. Be3 Nh7 (8... d5 9. exd5 Nxd5 10. Nxd5 Qxd5 11. c3 $11) 9. Nd5
$14 f5 10. Nxe7+ Nxe7 11. c3 f4 {Black threatens to win material: f4xe3} 12.
Qb3+ Kh8 13. Bd2 b6 14. d4 Ng6 15. dxe5 dxe5 16. Rad1 Qe7 17. c4 c5 18. Bc3 Bg4
19. Rfe1 (19. Rd5 $5 Bxf3 20. Bxf3 $11) 19... Bxf3 $15 20. Bxf3 Nh4 21. Kh1 $2
(21. Rd5 $142 {would allow White to play on} Nxf3+ 22. gxf3 Qg5+ 23. Kh1 $15)
21... Nxf3 $19 22. gxf3 Rae8 (22... Ng5 $142 $5 23. Rg1 Nxf3 $19) 23. Rd5 $15 {
White threatens to win material: Rd5xe5} Qh4 {Black threatens to win material:
Qh4xf2} 24. Qc2 (24. Rg1 Ng5 25. Bxe5 Rf7 $15) 24... Ng5 25. Rd3 $4 {causes
even greater problems} (25. Qe2 $142 $5 $17) 25... Qh3 (25... Rd8 $142 {
might be the shorter path} 26. Bxe5 Qh3 27. Bxg7+ Kxg7 $19) 26. Qe2 $4 {
but even a better move would not have saved the game} (26. Qd1 b5 $1 {the end,
the rest is history} 27. Rg1 bxc4 $19) 26... Rf6 (26... Rd8 $142 {secures the
point} 27. Rxd8 Rxd8 $19) 27. Rg1 (27. Qf1 Qh5 28. Qg2 $19) 27... Qe6 (27...
Rg6 28. Rgd1 Rd6 29. Rg1 $19) 28. Rxg5 $4 {letting the wind out of his own
sails} (28. Rd5 Qh3 29. Rd3 $19) 28... hxg5 $19 29. Rd5 $2 (29. Qf1 $142 Qxc4
30. Bxe5 $19) 29... Qh3 30. Bxe5 (30. Qd1 {no good, but what else?} Rh6 31. Qg1
Qxf3+ 32. Qg2 $19) 30... Rh6 31. Bxg7+ Kxg7 32. Rxg5+ Kh7 (32... Kf7 33. Rf5+
Kg6 34. Rf6+ Kxf6 35. e5+ Kg5 36. Kg1 Qxh2+ 37. Kf1 Qh1#) 33. Rg2 Rg8 34. Qf1
Qxf3 35. e5 (35. b3 {does not improve anything} Rhg6 36. e5 Rxg2 37. Qd3+ Qxd3
38. e6 Qb1#) 35... Rhg6 36. e6 (36. a4 {does not solve anything} Rxg2 37. Qd3+
Qxd3 38. b3 Qd1#) 36... Rxg2 37. e7 (37. Qd3+ {is no salvation} Qxd3 38. b3
Qb1#) 37... Rg1# 0-1

[Event "SapporoAutumn2018"]
[Site "?"]
[Date "2018.10.08"]
[Round "4.5"]
[White "SATO, Yasuji"]
[Black "KOYAHATA, Taku"]
[Result "0-1"]
[WhiteElo "1585"]
[BlackElo "1425"]
[Annotator "Fritz 15 (30s)"]
[PlyCount "116"]
[SourceVersionDate "2018.10.07"]

{[%mdl 8192] B50: Sicilian: 2...d6, Miscellaneous} 1. e4 c5 2. Nf3 d6 3. Bc4
Nf6 4. c3 Nxe4 5. O-O $146 (5. Qa4+ Nc6 6. Bxf7+ Kxf7 7. Qxe4 h6 (7... Qd7 8.
O-O Qf5 9. Qe2 e6 10. d4 Be7 11. dxc5 Qxc5 12. Nbd2 Rf8 13. Ne4 Qf5 14. Bg5 Rd8
15. Nh4 Qa5 16. Bxe7 Kxe7 17. b4 Qb6 18. Qh5 Rd7 19. Rad1 Ne5 20. Qxh7 Kd8 21.
Qg8+ Kc7 22. Qxe6 {Lazic,Z (2180)-Kadric,D (2331) Obrenovac 2010 1-0 (38)}) (
7... e5 8. O-O Be7 9. d4 exd4 10. cxd4 g6 11. Nc3 Bf5 12. Qf4 Kg7 13. dxc5 dxc5
14. Rd1 Qc8 15. Qh6+ Kf7 16. Be3 Bg4 17. Rd5 b6 18. Ne4 Bxf3 19. Qf4+ Kg7 20.
Qxf3 Rf8 21. Qg3 Qe6 22. Nc3 {Lembak,J (2265)-Gosztolya,F (2195) Sarospatak
1994 0-1 (39)}) 8. O-O (8. d4 d5 9. Ne5+ Nxe5 10. Qxe5 Qd6 11. Qh5+ Kg8 12. O-O
Rh7 13. dxc5 Qxc5 14. Be3 Qc6 15. Bd4 g6 16. Qe2 Bf5 17. Nd2 Re8 18. Be5 Rf7
19. Nb3 Qc4 20. Qe3 Qe4 21. Qxe4 Bxe4 22. Nc5 Rf5 {Kharchenko,B (2495)
-Kovalenko,I (2596) Voronezh 2013 1/2-1/2 (41)}) 8... Qd7 9. d4 cxd4 10. cxd4
Qf5 11. Qe2 g5 12. Be3 Bg7 13. Nc3 e5 14. dxe5 dxe5 15. Nb5 Rd8 16. Rad1 Rxd1
17. Rxd1 Kg8 18. Nd6 Qg6 19. Nxc8 Rxc8 {Bernard,R (2330)-Jankovec,I (2345)
Poznan 1983 1/2-1/2}) 5... Nf6 6. d4 b6 (6... d5 7. Bd3 $15) 7. Ng5 (7. dxc5 d5
8. Bb5+ Bd7 9. Bxd7+ Qxd7 $11) 7... e6 {Controls d5} 8. Re1 (8. d5 e5 $11) 8...
Be7 9. Qf3 (9. d5 $5 e5 10. Bd3 $15) 9... d5 $17 10. Na3 Nbd7 {Black has a
cramped position} (10... h6 11. Nh3 $17) 11. Bd3 Bb7 12. Bf4 cxd4 (12... c4 13.
Bxh7 Bxa3 14. Rxe6+ Kf8 $11) 13. Nb5 $14 e5 (13... O-O $142 14. Qh3 h6 15. Nxe6
fxe6 16. Qxe6+ Kh8 17. Qxe7 dxc3 18. Qxd8 Raxd8 19. bxc3 Nc5 $14) 14. Qh3 $4 {
weakening the position} (14. cxd4 $142 Ne4 15. dxe5 $16) 14... h6 $4 {forfeits
the clear win.} (14... Bc8 $142 {and Black could well hope to play on} 15. Qh4
h6 16. Nxd4 exd4 $15) 15. cxd4 (15. Ne6 $142 {might be the shorter path} exf4
16. cxd4 $18) 15... Bc8 $4 {another step towards the grave} (15... Ne4 16. dxe5
O-O 17. Nxe4 dxe4 18. Bxe4 Bxe4 19. Rxe4 $16) 16. Bf5 (16. Ne6 $142 {seems
even better} exf4 17. Nbc7+ Qxc7 18. Nxc7+ Kd8 19. Nxa8 Bb4 $18) 16... Ne4 $4 {
cause more grief} (16... O-O $142 17. dxe5 hxg5 18. Bxg5 Nxe5 19. Rxe5 Bxf5 20.
Qxf5 a6 $16) 17. Nxf7 (17. Ne6 $142 {secures victory} Bb4 18. Nbc7+ Qxc7 19.
Nxc7+ Kd8 20. Rec1 exf4 21. Nxa8 $18) 17... Kxf7 18. Qh5+ Kf8 19. Be6 Qe8 20.
Qxe8+ Kxe8 21. Nc7+ $4 {White forks: a8+d5. ruins a clearly superior position}
(21. Bxd5 $142 {and White has triumphed} Nxf2 22. Nc7+ Kd8 23. Ne6+ Ke8 24.
Nxg7+ Kf8 25. Ne6+ Kf7 26. Kxf2 $18) 21... Kd8 $15 22. Bxd7 $4 (22. Bxd5 $142 {
had to be tried to avoid defeat} Kxc7 23. Rac1+ Kd8 24. Bxe4 exf4 25. Bxa8 $17)
22... Kxc7 $19 23. Bxc8 exf4 24. Bf5 Bf6 25. Bxe4 dxe4 26. Rxe4 Rhe8 27. Rxf4
Re2 28. Rb1 (28. b3 {doesn't improve anything} Rd8 $19) 28... Rae8 29. Kf1 R2e4
(29... Kd6 $142 $5 {keeps an even firmer grip} 30. a4 $19) 30. Rxe4 Rxe4 31. d5
(31. Rc1+ Kd6 32. b3 Kd5 $19) 31... Rd4 (31... Rc4 {makes it even easier for
Black} 32. a3 $19) 32. b3 (32. Rc1+ {doesn't get the bull off the ice} Kd6 33.
Rc2 Rd1+ 34. Ke2 Rb1 $19) 32... Rxd5 (32... Rd2 $142 $5 {and Black can already
relax} 33. a4 $19) 33. Ke2 (33. Rc1+ {doesn't change the outcome of the game}
Kd6 34. Rc2 Rh5 $19) 33... Kd6 (33... Kc6 $142 $19 {might be the shorter path})
34. Rd1 (34. f4 $19 {is the last straw}) 34... Rxd1 35. Kxd1 Kc5 36. Kc2 (36.
a3 {is not much help} Bb2 $19) 36... Kb4 37. f3 (37. a4 {is one last hope} g5
38. f3 $19) 37... Ka3 38. Kb1 a5 39. g3 Kb4 (39... b5 40. g4 a4 41. bxa4 Kxa4
42. Kc2 $19) 40. Kc2 Ka3 {Black threatens to win material: Ka3xa2} (40... b5 $5
{and Black can already relax} 41. g4 Ka3 42. h4 $19) 41. Kb1 a4 42. bxa4 Kxa4
43. Kc2 Kb4 (43... Ka3 44. g4 Kxa2 45. Kd3 b5 46. g5 hxg5 47. Ke4 b4 48. h4
gxh4 49. Kd3 b3 50. Ke4 b2 51. Kd5 b1=Q 52. Kc6 h3 53. Kd6 Qb5 54. Kc7 h2 55.
Kd6 h1=Q 56. Kc7 Qxf3 57. Kc8 Qbb7#) 44. h4 Kc4 (44... Ka3 45. Kb1 b5 46. f4 b4
47. h5 Bd4 48. g4 Bf6 49. g5 Bxg5 50. fxg5 hxg5 51. Kc2 Kxa2 52. Kd3 b3 53. Kd4
b2 54. Ke5 b1=Q 55. Kd5 g4 56. h6 gxh6 57. Kc6 g3 58. Kc7 Qe4 59. Kc8 g2 60.
Kb8 g1=Q 61. Kc8 Qc6+ 62. Kd8 Qg5#) 45. h5 Bg5 (45... Kb4 $142 $19 {and Black
wins}) 46. f4 Bxf4 (46... Bf6 $142 $19 {and Black can celebrate victory}) 47.
gxf4 $17 Kd4 48. a4 $4 {the position is going down the drain} (48. Kb3 $142 Ke4
49. Kc4 Kxf4 50. Kb5 $17) 48... Kc4 $19 49. f5 Kb4 50. Kd3 (50. a5 {does not
save the day} Kxa5 51. Kb3 Kb5 52. Kb2 Kb4 53. Kb1 Kb3 54. Kc1 b5 55. Kd2 b4
56. Ke3 Ka4 57. Kd3 b3 58. Ke3 b2 59. Ke2 b1=Q 60. Kf3 Qxf5+ 61. Kg3 Qe4 62.
Kh3 g5 63. Kg3 Qf4+ 64. Kh3 Kb4 65. Kg2 g4 66. Kg1 Qd2 67. Kf1 Ka3 68. Kg1 g3
69. Kh1 Qh2#) 50... Kxa4 51. Ke4 b5 52. Ke5 b4 53. f6 gxf6+ 54. Kxf6 b3 55. Kg6
b2 56. Kxh6 b1=Q 57. Kg7 Qg1+ (57... Qa1+ $5 58. Kg6 Qe5 59. h6 Kb5 60. Kf7 Kb4
61. h7 Qh8 62. Ke6 Qxh7 63. Ke5 Qf7 64. Ke4 Qh5 65. Kf4 Kc3 66. Kg3 Qe5+ 67.
Kf3 Qf5+ 68. Kg2 Kd3 69. Kg3 Ke3 70. Kg2 Qg5+ 71. Kh2 Kf3 72. Kh3 Qh5#) 58. Kf7
(58. Kf6 {does not help much} Qa1+ 59. Kf7 Kb4 60. h6 Qd4 61. Kg8 Qd8+ 62. Kf7
Qd5+ 63. Kf6 Qg8 64. Ke7 Qh8 65. Kd6 Qxh6+ 66. Ke5 Qf8 67. Ke6 Qf2 68. Ke5 Kc5
69. Ke4 Qf7 70. Ke3 Qf5 71. Ke2 Kb4 72. Kd2 Qe4 73. Kc1 Kc3 74. Kd1 Qe8 75. Kc1
Qe1#) 58... Qg5 (58... Qg5 59. h6 Qxh6 60. Ke7 Qg6 61. Kd7 Kb5 62. Ke7 Kc6 63.
Kf8 Qh7 64. Ke8 Qg7 65. Kd8 Qd7#) 0-1

[Event "SapporoAutumn2018"]
[Site "?"]
[Date "2018.10.08"]
[Round "4.6"]
[White "ITO, Katsuhide"]
[Black "TAKEUCHI, Hiroshi"]
[Result "1-0"]
[WhiteElo "1321"]
[BlackElo "1248"]
[Annotator "Fritz 15 (30s)"]
[PlyCount "79"]
[SourceVersionDate "2018.10.07"]

{[%mdl 8256] C10: French with 3 Nc3: Unusual Black 3rd moves and 3...dxe4} 1.
e4 e6 2. d4 d5 3. Nc3 dxe4 4. Nxe4 Nc6 {Black threatens to win material: Nc6xd4
} 5. Bb5 $146 (5. Nf3 Be7 (5... Qd5 6. Bd3 Nb4 7. c4 Nxd3+ 8. Qxd3 Bb4+ 9. Kd1
Qf5 10. c5 Bd7 11. Ne5 Ba4+ 12. Ke2 h5 13. a3 a6 14. Ng3 Qf6 15. axb4 Bb5 16.
Qxb5+ axb5 17. Rxa8+ Ke7 18. h4 {1-0 (18) Manik,M (2463)-Netusil,M (2336)
Prague 2007}) (5... f5 6. Nc3 Nf6 7. Bc4 Bb4 8. O-O Bxc3 9. bxc3 O-O 10. Ne5
Na5 11. Bb3 b6 12. Re1 Nxb3 13. axb3 Bb7 14. Nd3 Ne4 15. Bb2 Qh4 16. f3 Ng5 17.
Qe2 Rf6 18. Qf2 Rg6 19. Qxh4 Nxf3+ 20. Kf2 {Steinitz,W-Bird,H London 1866 1/
2-1/2 (43)}) (5... Nf6 6. Nxf6+ gxf6 7. Be3 Qe7 8. c3 Bg7 9. g3 Bd7 10. Bg2 Nd8
11. O-O Bc6 12. Re1 Qd7 13. c4 Be4 14. Bh6 Bxh6 15. Rxe4 Bg7 16. d5 e5 17. Nh4
b6 18. Rg4 Bf8 19. Qf3 Qd6 20. Nf5 {Kutuzovic,B (2324)-Zeleznik,A (2268)
Otocec 2006 1-0}) 6. c3 Nf6 7. Qc2 O-O 8. Bd3 h6 9. Ne5 Bd7 10. f4 Rb8 11. Qe2
Re8 12. O-O Nxe4 13. Bxe4 f5 14. Bxc6 bxc6 15. Nxc6 Bxc6 16. Qxe6+ Kh8 17. Qxc6
Bd6 18. Qc4 Qf6 19. b4 Re4 {Blesic,V (2321)-Kokanovic,R (2340) Belgrade 2009
1-0}) 5... a6 6. Bxc6+ bxc6 {Black has the pair of bishops} 7. Nf3 {Black is
behind in developement} Nf6 {Black threatens to win material: Nf6xe4} 8. Qe2 {
Black is behind in developement} (8. Bg5 Bb7 $14) 8... Be7 (8... Nxe4 9. Qxe4
Qd5 10. Qd3 $11) 9. b3 a5 (9... Nxe4 10. Qxe4 Qd5 11. Qf4 $11) 10. Bb2 (10.
Nxf6+ Bxf6 11. O-O O-O $14) 10... O-O 11. O-O Bb7 (11... Nxe4 12. Qxe4 Qd5 13.
Qf4 $11) 12. Rfd1 (12. Nc5 Bxc5 13. dxc5 Qd5 $14) 12... Qd5 {Black threatens
to win material: Qd5xe4} 13. Nc5 {White threatens to win material: Nc5xb7. The
white knight on an outpost} Bc8 (13... Bxc5 $5 {should be considered} 14. c4
Qd6 15. dxc5 Qxc5 16. Bxf6 gxf6 $14) 14. c4 Qh5 15. Qe5 Qxe5 16. Nxe5 Rd8 $2 (
16... Bxc5 $142 $5 17. dxc5 Bb7 $16) 17. Nxc6 $18 Re8 18. Bc3 (18. Nxe7+ Rxe7
19. d5 exd5 20. Bxf6 gxf6 21. Rxd5 Re8 $18) 18... Bd7 (18... Bxc5 $142 $5 19.
dxc5 Ra6 20. Nxa5 Ne4 $16) 19. Nxa5 $18 Bf8 20. d5 $4 {a weak move, ruining a
winning position} (20. a4 $142 $18 {would have made live much easier for White}
) 20... Bc8 $4 {ruins a very nice position} (20... Bxc5 $142 {a pity that
Black didn't try this} 21. dxe6 Bxe6 $19) 21. b4 (21. Na4 $142 Ne4 22. Be1 $16)
21... e5 $4 (21... Rxa5 $142 $5 {and Black can hope to live} 22. Nxe6 Rxd5 23.
cxd5 fxe6 24. Bxf6 gxf6 $14) 22. Re1 (22. Nc6 Bxc5 23. bxc5 Nd7 $18) 22... Bd6
$2 (22... Rxa5 $142 $5 23. bxa5 Bxc5 24. Bxe5 Bb4 $16) 23. Ne4 (23. Nc6 $5 {
keeps an even firmer grip} Bxc5 24. bxc5 e4 $18) 23... Nxe4 24. Rxe4 Bf5 25.
Ree1 e4 (25... f6 26. a4 $18) 26. c5 (26. a4 $142 $18 {keeps an even firmer
grip}) 26... Be5 (26... Rxa5 27. bxa5 Bxc5 $18) 27. Bxe5 Rxe5 28. Rad1 (28. d6
$142 {and White can already relax} Ree8 29. dxc7 $18) 28... Rd8 (28... Ree8 $18
{there is nothing else anyway}) 29. Nc6 Rde8 (29... Ree8 {cannot undo what has
already been done} 30. Nxd8 Rxd8 31. d6 $18) 30. Nxe5 Rxe5 31. d6 cxd6 32. Rxd6
h6 (32... Re8 {cannot change destiny} 33. b5 f6 34. a4 $18) 33. a4 Kh7 (33...
Re8 {cannot change what is in store for White} 34. a5 Kf8 35. b5 $18) 34. a5
Re7 35. c6 (35. b5 $142 {makes it even easier for White} Be6 36. c6 Ra7 $18)
35... Ra7 36. Red1 (36. Ra1 $142 {and the rest is a matter of technique} Re7
37. a6 e3 38. fxe3 Rxe3 $18) 36... Bg4 37. R1d4 Bf5 (37... h5 {doesn't do any
good} 38. Rxe4 f6 39. Rd8 $18) 38. Rd7 $1 {a brilliant end} Bxd7 39. Rxd7 (39.
cxd7 e3 40. d8=Q e2 41. Qe8 Rc7 42. Qxe2 Rc1+ 43. Rd1 Rc8 44. a6 Rc7 45. Qe5
Ra7 46. Rd8 Rc7 47. Qxc7 Kg6 48. Qg3+ Kh7 49. Rd7 Kg8 50. Qf3 f6 51. Qg3 h5 52.
Qxg7#) 39... Rxd7 40. cxd7 (40. cxd7 g5 41. a6 Kg6 42. a7 e3 43. a8=Q e2 44.
Qe8 e1=Q+ 45. Qxe1 Kf6 46. d8=Q+ Kf5 47. Qd6 f6 48. Qd7+ Kf4 49. Qe3#) 1-0

[Event "SapporoAutumn2018"]
[Site "?"]
[Date "2018.10.08"]
[Round "5.2"]
[White "DRAKAKIS, Athanasios"]
[Black "SUGIMOTO, Koichi"]
[Result "1/2-1/2"]
[WhiteElo "1816"]
[BlackElo "1982"]
[Annotator "Fritz 15 (30s)"]
[PlyCount "58"]
[SourceVersionDate "2018.10.07"]

{C10: French with 3 Nc3: Unusual Black 3rd moves and 3...dxe4} 1. d4 d5 2. Nf3
Nf6 3. c3 c5 4. e3 Nbd7 5. Bd3 e6 6. O-O Bd6 7. Nbd2 O-O 8. Re1 b6 9. e4 dxe4
10. Nxe4 Be7 11. dxc5 Nxc5 12. Nxc5 Bxc5 13. Bg5 Bb7 14. Qe2 Be7 15. Rad1 Qc7
16. Ne5 $146 (16. Bxf6 Bxf6 17. Be4 Rad8 18. h3 g6 19. Bxb7 Qxb7 20. Qc2 Rxd1
21. Rxd1 Rd8 22. Rxd8+ Bxd8 23. b3 Bc7 24. Qd3 Qc6 25. c4 e5 26. Nd2 f5 27. Kf1
Kf7 28. Nb1 Ke6 29. Nc3 e4 30. Qe2 Be5 {Baudot,D (2260)-Pergericht,D (2355)
Cannes 1989 1-0 (52)}) 16... h6 (16... Rad8 17. Bh4 $11) 17. Bh4 (17. Bxh6 $5
Rad8 18. Bf4 $16) 17... Rad8 $14 18. Bg3 Qc5 19. Bc2 (19. Ng6 fxg6 20. Qxe6+
Rf7 21. Bxg6 Rdf8 $14) 19... Qc8 20. f4 Ba6 21. Qf3 Bb7 {Black threatens to
win material: Bb7xf3} 22. Qe2 {Twofold repetition} Bc5+ 23. Kh1 (23. Bf2 Ba6
24. Qf3 Bb7 $11) 23... Ba6 (23... Rxd1 24. Rxd1 Rd8 25. Bd3 $15) 24. Qf3 Bb7 {
Black threatens to win material: Bb7xf3} 25. Qe2 Rxd1 26. Rxd1 Rd8 27. Rxd8+
Qxd8 28. Bh4 (28. Bf2 Nd5 29. Qd2 Bxf2 30. Qxf2 Qf6 $15) 28... Be7 (28... Qd5
29. Bxf6 gxf6 30. Bb3 $17) 29. Qd3 Qxd3 1/2-1/2